Brand integration practices in mergers and acquisitions /

Guardado en:
Detalles Bibliográficos
Autor principal: Vu Anh Dung.
Otros Autores: Pham Duc Thuan., Phung Van Nha.
Formato: Artículo
Lenguaje:Vietnamese
Materias:
Etiquetas: Agregar Etiqueta
Sin Etiquetas, Sea el primero en etiquetar este registro!
Thư viện lưu trữ: Thư viện Trường Đại học Đà Lạt
LEADER 00855nam a2200289 4500
001 DLU120144794
005 ##20121214
040 # # |a DLU  |b vie 
041 # # |a vie 
044 # # |a vn 
100 # # |a Vu Anh Dung. 
245 # # |a Brand integration practices in mergers and acquisitions /  |c Vu Anh Dung, Phung Van Nha, Pham Duc Thuan. 
653 # # |a Brand management 
653 # # |a Business strategy 
653 # # |a Marketing  
700 # # |a Pham Duc Thuan. 
700 # # |a Phung Van Nha. 
773 # # |t Tạp chí Khoa học Kinh tế và kinh doanh  |g Số 5(25), 2009, tr. 15-28 
920 # # |a Phòng Tạp chí -- Trung tâm Thông tin - Thư viện Trường Đại học Đà Lạt 
994 # # |a DLU 
900 # # |a True 
911 # # |a Nguyễn Thị Linh Chi 
925 # # |a G 
926 # # |a A 
927 # # |a BB 
980 # # |a Thư viện Trường Đại học Đà Lạt